Xina
Descripción Física:
il. ; 29 cm
Colección:
Dossier ; 69
Materias:
Xina
MARC
| LEADER | 00000nam a2200000Ia 4500 | ||
|---|---|---|---|
| 001 | 20950 | ||
| 008 | 160829s2007 xx 000 0 cat d | ||
| 080 | |a M-6-115 | ||
| 245 | |a Xina | ||
| 260 | |a Barcelona : |b Diputació de Barcelona. Servei de Biblioteques, |c 2007 | ||
| 300 | |a il. ; |c 29 cm | ||
| 490 | |a Dossier ; 69 | ||
| 590 | |a Bibliografia. | ||
| 590 | |a Recull de premsa | ||
| 650 | |a Xina |9 36257 | ||
| 710 | |a Barcelona (Catalunya : Província). |b Servei de Biblioteques |9 4217 | ||
| 901 | |a Arxiu | ||
| 942 | |n 1 |2 udc | ||
| 952 | |0 0 |1 0 |4 0 |6 M6115 |7 1 |9 47260 |a Arxiu |b Arxiu |d 2016-12-01 |l 0 |o M-6-115 |p 20950 |r 2016-12-01 00:00:00 |w 2016-12-01 |y ARXIU | ||
| 999 | |c 51057 |d 51057 | ||